Huelga en servicios esenciales: análisis de la jurisprudencia española
Saved in:
| Hovedforfatter: | |
|---|---|
| Format: | Bog |
| Sprog: | spansk |
| Udgivet: |
Valencia
Tirant lo Blanch
2008
|
| Serier: | Laboral
|
| Fag: | |
| Tags: |
Tilføj Tag
Ingen Tags, Vær først til at tagge denne postø!
|
MARC
| LEADER | 00000nam a2200000 a 4500 | ||
|---|---|---|---|
| 001 | UCI9285 | ||
| 003 | CL-VaPUC | ||
| 008 | 081106e20080000SP |||||||||||||||||spa|d | ||
| 020 | |a 9788498761917 | ||
| 082 | 0 | 4 | |a 344.01892 |b MON |2 21 |
| 100 | |a Monreal Bringsvaerd, Erik |e autor |9 532917 | ||
| 245 | 1 | 0 | |a Huelga en servicios esenciales: análisis de la jurisprudencia española |
| 300 | |a 147 p | ||
| 942 | |c BK | ||
| 945 | |d 20081106 00:00:00 |a rbrito | ||
| 260 | |a Valencia |b Tirant lo Blanch |c 2008 | ||
| 650 | 7 | |a DERECHO LABORAL |2 CL-VaPUC |9 15 | |
| 650 | 7 | |a HUELGA |2 CL-VaPUC |9 17 | |
| 650 | 0 | |a Trabajadores |9 260887 | |
| 650 | 0 | |a Jurisprudencia |9 255952 | |
| 650 | 0 | |a Servicios esenciales |9 532918 | |
| 650 | 7 | |a GARANTIAS CONSTITUCIONALES |2 CL-VaPUC |9 532919 | |
| 651 | 0 | |a España |9 254926 | |
| 583 | |a last modification |c 20170801 05:46:55 |k Rodrigo Vera | ||
| 490 | 0 | |a Laboral | |
| 999 | |c 331851 |d 331849 | ||
| 952 | |0 0 |1 0 |4 0 |6 344_018920000000000_MON_2008 |7 0 |8 A |9 419015 |a BIBDER |b BIBDER |d 2019-11-22 |i 4495209 |o 344.01892 MON 2008 |p 4495209 |r 2023-01-25 |w 2019-11-22 |y BK |k DER | ||